00679nam a2200157Ia 4500008004100000024005600041082001700097100006700114110003500181245009400216260002600310600002500336650003300361856011000394999001700504260210s9999 xx 000 0 und d a18B-080-SE, 18B-025-SE, 18B-067-SE & 18B-040-SE a005.1072 MUQ aAgha Muqarib, Saad Ali Hafiz, Hafsa Parker & Anusha Khalil aAsst. Prof. Dr. Sharaf Hussain 0aHandwritten to text transformation of Mathematical equations for better search experience aKarachi:bUITU,c2018 aSoftware Engineering aBachelor of Engineering (BE) uhttps://drive.google.com/file/d/1lxyUyLJYpt4JFUvRBA66aCgBPxt56JgA/view?usp=share_linkyClick here for PDF c33468d33468